[Event "SVK-ch"]
[Site "Kaskady"]
[Date "2002.06.28"]
[Round "2"]
[White "Sutovsky, Emil"]
[Black "Tibensky, Robert"]
[Result "1-0"]
[WhiteElo "2660"]
[BlackElo "2448"]
[Annotator "Rabinovich,Al"]
[PlyCount "55"]
[EventDate "2002.06.27"]
[EventType "tourn"]
[EventRounds "11"]
[EventCountry "SVK"]
[EventCategory "12"]
[SourceTitle "CBM 090"]
[Source "ChessBase"]
[SourceDate "2002.09.20"]
[SourceVersion "1"]
[SourceVersionDate "2002.09.20"]
[SourceQuality "1"]

{[%mdl 2068]} 1. e4 c5 2. Nf3 Nc6 3. Bb5 g6 4. Bxc6 bxc6 5. O-O Bg7 6. Re1 {
Another possible moves in this position:} (6. c3 Nh6 7. d4 cxd4 8. cxd4 f6 9.
Nc3 Nf7 10. Re1 (10. h3 d6 11. Re1 O-O 12. Be3 Qb6 13. b3 Qb7 14. Rc1 Bd7 15.
Nd2 Rad8 16. Nc4 $14 {[%csl Gd4,Ge4,Rf7,Rg7] 1-0 Anand,V-Taleb,M/Dubai UAE
2002/The Week in Chess 387 (38)}) 10... d6 11. b3 O-O 12. Bb2 Bd7 13. Qc2 Qa5
14. h3 Rfe8 15. Ne2 Rac8 16. Bc3 Qa6 17. Qb2 e5 18. dxe5 fxe5 19. Rad1 Be6 20.
Nf4 Bd7 21. Nd3 g5 $4 (21... Re7 $13) 22. Nc5 $18 {1-0 Akopian,V-Ponomariov,R/
Moscow RUS 2002/The Week in Chess 396 (61)}) (6. d3 d6 7. h3 (7. Nc3 e5 8. Ne1
Ne7 9. f4 exf4 10. Bxf4 O-O 11. Qd2 $14 {1-0 Sandipan,C-Filippov,V/Dubai 2001/
CBM 83 (57)}) 7... e5 8. Be3 Ne7 9. Nbd2 O-O 10. a3 f5 $36 {0-1 Shabalov,
A-Sevillano,E/Portsmouth 2000/EXT 2001 (23)}) 6... Nf6 (6... Nh6 $5 7. c3 O-O
8. d4 cxd4 9. cxd4 f6 (9... d5 10. e5 f6 11. e6 Qd6 12. Qe2 a5 13. b3 Nf5 $132
{1-0 McShane,L-Yakovich,Y/Stockholm 2000/CBM 79 ext (40)}) 10. b3 Nf7 11. Nbd2
d6 12. Bb2 Ba6 13. Rc1 Rc8 14. b4 e5 15. Nb3 Qb6 16. Bc3 Bc4 17. Qc2 Be6 18. h3
Qa6 $11 {1-0 Morozevich,A-Kasimdzhanov,R/Wijk aan Zee NED 2002/The Week in
Chess 376 (69)}) 7. e5 Nd5 8. c4 Nc7 9. d4 cxd4 10. Qxd4 O-O $6 {Too soon.
Better was 10...Ne6 first!} (10... Ne6 $142 $5 11. Qh4 d6 12. Bh6 Bxe5 13. Nxe5
dxe5 14. Nc3 f6 15. Rad1 Qc7 16. f4 exf4 17. Re4 Rb8 $132 {0-1 Miroshnichenko,
E-Bu Xiangzhi/Bled 2000/CBM 75 ext (43)}) (10... d5 11. cxd5 (11. Nc3 O-O 12.
Qh4 h5 $2 13. h3 Be6 14. Nd4 Qd7 15. cxd5 Bxd5 16. Nxd5 cxd5 17. Bg5 $14 {
1-0 Estrada Nieto,J-Mirzoev,A/Linares ESP 2002/The Week in Chess 382 (34)})
11... cxd5 12. Nc3 O-O 13. Qh4 Rb8 14. b3 Ne6 15. Bh6 a5 16. Bxg7 Kxg7 17. Rad1
$14 {1-0 Velicka,P-Umansky,M/Bayern 2001/EXT 2002 (35)}) 11. Qh4 {Now white
initiative is strong and Emil shows some good way to exploy the maximum from
his adge!} f6 $6 {A rare move with bad reputation. In my database black lost
all the games in this variation and i believe this game shows a good example
why?!} (11... d5 $6 12. Bh6 f6 13. Bxg7 Kxg7 14. Nc3 $16 {[%csl Rg7][%cal
Ga1d1] 1-0 Glek,I-Cacco,C/Porto San Giorgio 1999/EXT 2000 (30)}) (11... Ne6 {
[%csl Rg5][%cal Ge6g5]} 12. Bh6 Rb8 (12... d5 13. Nc3 f5 14. cxd5 cxd5 15. Rad1
Bb7 16. Rd2 Bxh6 17. Qxh6 d4 18. Rxd4 $1 $16 {1-0 Magomedov,M-Myo Naing/Kuala
Lumpur 1993/EXT 98 (78)}) 13. b3 d5 14. Nc3 f6 15. Bxg7 Kxg7 16. cxd5 cxd5 17.
Rad1 $16 {1-0 Komliakov,V-Rakhimov,Z/Moscow 1997/EXT 2000 (44)}) 12. Nc3 Ne6
13. exf6 exf6 (13... Bxf6 14. Ng5 $16) 14. Be3 $14 {+/-\+/=} Rb8 $2 (14... f5
$1 {[%cal Gf5f4] I believe it was the best try for black. Now white had to
exchange the queens,which surely would have discrease white's pressure!} 15.
Qxd8 Rxd8 {With good chances to equalize!}) 15. Re2 Qa5 16. Rd1 {Now black
simply has no good moves:The bishop on c8 is forced to stay there and black
just waits to see white plan....} Rb4 (16... f5 17. Bh6 $1 $16) 17. a3 Rb8 18.
Red2 Qc7 $2 {[%mdl 16384] After this mistake Emil leaves no second chance.} (
18... f5 $142) 19. c5 {[%csl Rc8,Rd7]} f5 20. Ng5 h5 $2 {[%csl Rc8,Rd7,Rf5,Rg6,
Rg8,Rh5][%mdl 16384]} (20... Nxg5 21. Bxg5 {[%cal Gg5e7,Ge7d6]} Qa5 $142 $16)
21. Qc4 Kh8 (21... f4 22. Nxe6 dxe6 23. Bd4 $16) 22. Ne2 {[%cal Ge2f4,Gf4g6]}
Qe5 $4 {[%mdl 24576] Another mistake,seems like black desided not to fight and
looses the game immideatly.} (22... Rxb2 $142 {At least take some material for
suffering.....} 23. Nf4 $1 Nxf4 24. Bxf4 Rxd2 25. Rxd2 Ba6 {[%tqu "En","Find
the best reply for white","","","c4f7","Correct. Now white gets very close to
black king!",10]} 26. Qf7 $3 {[%cal Gf7g6]} Qxf4 (26... Qb7 27. Qxd7 Qb5 {
[%cal Gb5f1]} 28. h4 {And white should win.}) 27. Qxg6 $18 {[%cal Gg6h7]}) 23.
Bf4 $1 $18 Nxf4 24. Nxf4 {[%csl Rc8,Gf4,Rf5,Gg5,Rg6,Rh5]} Qf6 25. h4 {[%cal
Gd2d6,Gd6g6]} d5 26. cxd6 Bd7 27. Nfe6 Rfe8 (27... Bxe6 28. Nxe6 Rfe8 29. Re2
$18) 28. Nc5 {[%cal Gc5d7,Gg5f7]} 1-0

[Event "RUS Cup final 6th"]
[Site "Nefteyugansk"]
[Date "2002.10.07"]
[Round "2"]
[White "Prokopchuk, Evgeny"]
[Black "Bocharov, Dmitry"]
[Result "1-0"]
[WhiteElo "2513"]
[BlackElo "2502"]
[Annotator "Rabinovich,Al"]
[PlyCount "77"]
[EventDate "2002.10.06"]
[EventType "tourn"]
[EventRounds "11"]
[EventCountry "RUS"]
[EventCategory "11"]
[SourceTitle "CBM 092"]
[Source "ChessBase"]
[SourceDate "2003.02.06"]
[SourceVersion "1"]
[SourceVersionDate "2003.02.06"]
[SourceQuality "1"]

1. e4 c5 2. Nf3 Nc6 3. Bb5 g6 4. Bxc6 dxc6 5. d3 Bg7 6. h3 Nf6 7. Nc3 O-O 8.
Be3 b6 (8... Nd7 9. Qd2 Qb6 (9... Re8 10. Bh6 e5 11. Bxg7 Kxg7 12. Ne2 Nf8 13.
O-O-O Qf6 14. Rdf1 $36 {[%cal Gf3e1,Gf2f4] 1-0 Kengis,E-Spangenberg,H/Yerevan
1996/EXT 97 (37)}) 10. Rb1 Qc7 11. Bh6 e5 12. Bxg7 Kxg7 13. Nh2 Nf6 14. O-O Be6
15. f4 $14 {1-0 Rublevsky,S-Ivanovic,B/Niksic 1997/CBM 59 ext (34)}) 9. Qd2 e5
10. a3 {[%cal Gb2b4] This move is young,only "few games" old and it is too
soon to say if this is the new strong weapon for white.} (10. Bh6 {This the
mail line for a long time here.} Qd6 (10... Qe7 11. O-O-O (11. Bxg7 Kxg7 12.
Qg5 Re8 13. O-O-O a5 14. Nd2 $132 {[%cal Gb6b5,Ga5a4] 0-1 Kaidanov,G-Gurevich,
D/Chicago 1996/EXT 2001 (56)}) 11... Nh5 12. Bxg7 (12. Ne2 f6 13. Rdf1 Be6 14.
g4 Bxh6 15. Qxh6 Ng7 16. Nd2 $36 {[%cal Gf2f4] 1-0 Rublevsky,S-Lanka,Z/
Budapest 1996/CBM 56 (60)}) 12... Kxg7 13. Ne2 Qf6 14. Qe3 Be6 15. Kb1 Nf4 $14
{1/2-1/2 Ivanchuk,V-Anand,V/London 1994/CBM 42 ext (54)}) 11. O-O-O (11. Nh2
Nh5 12. Ng4 Be6 13. Bxg7 Kxg7 14. Qh6+ Kh8 15. f4 $13 {1-0 Malakhov,
V-Prusikhin,M/Bad Wiessee GER 2002/The Week in Chess 417 (38)}) 11... a5 (11...
Be6 12. Bxg7 Kxg7 13. Qg5 $36 {0-1 Grischuk,A-Shirov,A/Dubai UAE 2002/The Week
in Chess 387 (30)}) 12. Bxg7 Kxg7 $14 {1/2-1/2 Grischuk,A-Ponomariov,R/Moscow
RUS 2002/The Week in Chess 409 (28)}) 10... a5 $5 {Preventing b4.} (10... Qd6
$5 11. Na4 c4 $1 12. dxc4 Nxe4 13. Qxd6 Nxd6 14. c5 Nc4 15. cxb6 e4 16. Nd2
axb6 $11 {1/2-1/2 Baklan,V-Hausrath,D/Groningen 1996/EXT 98 (21)}) 11. O-O a4
12. Rae1 Re8 13. Nh2 Nd7 14. f4 exf4 15. Rxf4 Ne5 (15... Nf8 $1 {Very original
idea by Smirnov,rook comes from a7 to defend f7 square!} 16. Ref1 Ra7 17. Kh1
Ne6 18. R4f2 Nd4 {0-1 Pridorozhni,A-Smirnov,P/Nefteyugansk RUS 2002/The Week
in Chess 415 (29) And black is at least not worse.}) 16. Ref1 Be6 17. R4f2 Qd6
$11 {Black has no problems after the opening.} 18. Kh1 b5 {[%cal Gb5b4,Gc5c4]}
19. Ne2 Rad8 {[%cal Ge5c4]} 20. Bg5 Rd7 21. Bf6 b4 $5 (21... c4 22. Bxg7 Kxg7
23. d4) (21... Bxf6 22. Rxf6 Nc4 23. Qc1 $14) 22. Bxg7 Kxg7 23. Nf3 Nxf3 24.
Rxf3 Kg8 {Avoiding any checks.} 25. Nf4 bxa3 26. bxa3 c4 $1 27. Nh5 $6 {
Enough only for draw!} (27. Qc3 $5 cxd3 28. Rxd3 Qc7 29. Qb4 $14) 27... gxh5 $8
28. Qg5+ Kf8 29. e5 $5 Qc5 30. Qh6+ Ke7 31. Qf6+ Kf8 32. Rg3 $2 {[%cal Gg3g7,
Gg7h7,Gh7h8] Too risky!} Bd5 $6 (32... Rb7 $1 33. Rg7 Reb8 {[%cal Gb7b1]} 34.
Rxh7 Ke8 $19 {[%cal Ge8d7]}) 33. Qh8+ Ke7 34. Qf6+ Kf8 35. Rg7 Qe3 $1 {[%cal
Ge3h3,Ge3e5] Now position gets complicated....} 36. d4 $1 {Unfortunately
nothing better.} (36. Rxh7 $2 Qxh3+ 37. Kg1 Qxg2#) 36... c5 $2 (36... Qxh3+ 37.
Kg1 Qe3+ (37... Qe6 $2 38. Qg5 $18 {[%cal Gg7g8]}) 38. Kh2 (38. Rf2 Qe1+ 39.
Kh2 Qxf2 40. Qxf2 Kxg7 41. Qf6+ $11) 38... Qe4 39. Rf4 Qxf4+ 40. Qxf4 Kxg7 41.
Qf6+ Kf8 42. Qh6+ $11) (36... Re6 $4 37. Rxf7+ Rxf7 38. Qxf7#) 37. Kh2 $1 h4 (
37... cxd4 $2 38. Rf5 Qe4 39. Rfg5 $18) (37... Qxd4 38. Rf5 {[%cal Gg7h7,Gh7h8]
} Qe4 39. Rfg5 $18) {[%tqu "En","How white should finish the attack?","","",
"f1f3","Correct.",10,"e5e6","",0]} 38. Rf3 $3 (38. e6 Bxe6 (38... Qxe6 39. Qg5
Qg6 40. Rxg6 hxg6 41. dxc5 $18) 39. Rxh7 Qg3+ 40. Kg1 Qg8 41. Rh8 $18) 38...
Qxd4 (38... Bxf3 39. Rxh7 $18) 39. Rf5 (39. Rf5 {[%cal Gf5g5,Gg7g8,Gg7h7,Gh7h8]
} Qe3 40. Rfg5 Qg3+ 41. Rxg3 hxg3+ 42. Rxg3 $18) 1-0

[Event "RUS Cup final 6th"]
[Site "Nefteyugansk"]
[Date "2002.10.06"]
[Round "1"]
[White "Pridorozhni, Aleksei"]
[Black "Smirnov, Pavel"]
[Result "0-1"]
[WhiteElo "2475"]
[BlackElo "2562"]
[Annotator "Rabinovich,Al"]
[PlyCount "58"]
[EventDate "2002.10.06"]
[EventType "tourn"]
[EventRounds "11"]
[EventCountry "RUS"]
[EventCategory "11"]
[SourceTitle "CBM 092"]
[Source "ChessBase"]
[SourceDate "2003.02.06"]
[SourceVersion "1"]
[SourceVersionDate "2003.02.06"]
[SourceQuality "1"]

1. e4 c5 2. Nf3 Nc6 3. Bb5 g6 4. Bxc6 dxc6 5. d3 Bg7 6. h3 {Black can choose
here between few moves,which are mostly lead to the same setups...} Nf6 (6...
b6 7. O-O e5 (7... Nh6 8. Nc3 O-O 9. Be3 f6 10. a3 a5 11. Nh2 e5 12. Qd2 Nf7
13. Rab1 a4 14. f4 exf4 15. Bxf4 Be6 16. Kh1 f5 17. Nf3 $14 {1-0 Jakovenko,
D-Cherniaev,A/Krasnodar RUS 2002/The Week in Chess 408 (61)}) 8. Be3 Ne7 9.
Nbd2 O-O 10. a3 f5 11. Nc4 $14 {1-0 Baklan,V-Shaw,J/Cappelle la Grande FRA
2002/The Week in Chess 380 (41)}) (6... e5 $5 7. Be3 Qe7 8. Nc3 Nf6 9. Qd2 h6
10. O-O-O (10. a3 Nd7 11. O-O a5 12. Nh2 a4 13. f4 exf4 14. Bxf4 Ne5 15. Nf3
Nxf3+ 16. Rxf3 g5 $15 {0-1 Lerner,K-Tseitlin,M/Tel Aviv ISR 2002/The Week in
Chess 422 (54)}) 10... b6 11. Kb1 Bd7 12. Ng1 O-O-O 13. Nge2 Ne8 14. f4 exf4
15. Bxf4 g5 16. Bh2 Nd6 {1/2-1/2 Boudre,J-Sprenger,J/Metz FRA 2002/The Week in
Chess 390 (16)}) 7. Nc3 O-O 8. Be3 b6 9. Qd2 e5 (9... Ne8 $6 10. Bh6 f6 11. e5
Be6 12. O-O Bd5 13. Nh2 c4 14. Ng4 $14 {1/2-1/2 Delchev,A-Mensch,E/Metz FRA
2002/The Week in Chess 390 (117)}) 10. a3 {This move is quiet new.Was played
only few times.} (10. Bh6 Qd6 11. O-O-O a5 12. Kb1 (12. Bxg7 Kxg7 13. g4 a4
$132 {[%cal Ga4a3,Gc5c4] 0-1 Shirov,A-Leko,P/Dortmund GER 2002/The Week in
Chess 401 (31)}) 12... a4 13. g3 b5 $14 {1-0 Bruzon,L-Tyomkin,D/Merida MEX
2002/The Week in Chess 424 (37)}) 10... a5 (10... Qd6 $5 11. Na4 c4 $1 {
It looks like the sharpest reply!} 12. dxc4 {From now on everything is forced
until the draw agreement!!} Nxe4 13. Qxd6 Nxd6 14. c5 Nc4 15. cxb6 e4 16. Nd2
axb6 17. Nxc4 Rxa4 18. Nxb6 Bxb2 19. Nxa4 Bxa1 20. c3 Be6 21. Kd2 Ra8 {1/2-1/2
Baklan,V-Hausrath,D/Groningen 1996/EXT 98 (21)}) 11. O-O a4 12. Rae1 {[%cal
Gf3h2,Gf2f4] It seems that this line is complitely harmless for black.} (12.
Nxe5 Nxe4 13. Nxe4 Bxe5 {[%cal Gf7f5,Gf5f4] And black has a good game.}) 12...
Re8 13. Nh2 Nd7 14. f4 exf4 15. Rxf4 (15. Bxf4 Ne5 16. Nf3 Nxf3+ 17. Rxf3 Be6
$15 {[%cal Gc5c4]}) 15... Nf8 {[%cal Gf8e6,Ge6d4] Cleaning up the 7th rank!} (
15... Ne5 16. Ref1 Be6 $15 {1-0 Prokopchuk,E-Bocharov,D/Nefteyugansk RUS 2002/
The Week in Chess 415 (39)}) 16. Ref1 Ra7 $1 $15 {[%cal Ga7f7] Very nice
defensive move,rook through the 7th rank defends f7.} 17. Kh1 Ne6 18. R4f2 Nd4
{[%cal Gf7f5] Black placed his pieces very comfortable for f5,white tries to
prevent it...} 19. Bg5 Qd6 20. Bf6 $5 (20. Nf3 Be6 $15) 20... Bxf6 21. Rxf6 Qe5
22. R6f4 Be6 23. Nd1 $1 {[%cal Gd1e3,Ge3g4,Gg4f6,Gg4h6,Gc2c3] Good plan for
white,the knight transfers to weaknesses on kingside.} f5 $2 (23... Rae7 $142 {
[%cal Gf7f5]} 24. Ne3 $6 h5 $15) 24. exf5 (24. Nf3 $1 Nxf3 25. R1xf3 $14 {
[%csl Rg8] And already black should look for equalization!}) 24... Bxf5 25. Ng4
(25. Nc3 {[%cal Gc3e4]} Ne2 26. Nxe2 Qxe2 $15) 25... Bxg4 $8 26. Re4 $2 {
This move gives black a huge advantage.} (26. Rxg4 $8 Rf7 $1 27. Rxf7 Qe1+ 28.
Qxe1 Rxe1+ 29. Kh2 Kxf7 $15 {/-/+}) 26... Qb8 27. Rxg4 $2 (27. Rxe8+ $8 Qxe8
28. hxg4 Re7 $17 {[%csl Rg4,Rh1]}) 27... Re2 $17 28. Qg5 $4 (28. Qf4 Qxf4 29.
Rgxf4 Rxc2 $19 {/-/+}) {[%tqu "En","How black can use the weakness of the
first rank?","","","a7f7","Very good! Now white is lost.",10]} 28... Rf7 29.
Rg1 (29. Rxf7 Re1+ $19) (29. Rgf4 Ne6 $19) (29. Kg1 Re5 $3 $19 {[%cal Gd4e2,
Gf7f1]}) 29... Nf3 $1 {[%cal Gb8h2,Gg2f3,Ge2h2]} 0-1

[Event "Tan Chin Nam Cup 8th"]
[Site "Qingdao"]
[Date "2002.07.04"]
[Round "2"]
[White "Sandipan, Chanda"]
[Black "Bu, Xiangzhi"]
[Result "1/2-1/2"]
[WhiteElo "2507"]
[BlackElo "2602"]
[Annotator "Rabinovich,Al"]
[PlyCount "46"]
[EventDate "2002.07.04"]
[EventType "swiss"]
[EventRounds "9"]
[EventCountry "CHN"]
[SourceTitle "CBM 091"]
[Source "ChessBase"]
[SourceDate "2002.11.12"]
[SourceVersion "1"]
[SourceVersionDate "2002.11.12"]
[SourceQuality "1"]

1. e4 {[%mdl 8488]} c5 2. Nf3 Nc6 3. Bb5 g6 4. Bxc6 dxc6 5. d3 Bg7 6. h3 {
This position is being tested nowdays on the highest levels.Black mostly plays
here 6...Nf6 but other possibilities like the one in the game are playble.} b6
(6... Nf6 7. Nc3 O-O 8. O-O Nd7 9. Be3 e5 10. Qd2 Re8 11. Nh2 b6 12. Bh6 Bh8
13. Kh1 Qe7 14. Rae1 Nf8 15. Ne2 $14 {[%cal Gf2f4] 1/2-1/2 Adams,M-Leko,P/
Dortmund GER 2002/The Week in Chess 400 (44)}) (6... Nh6 $5 7. Nc3 f6 8. Be3 b6
9. O-O O-O 10. a3 $14 {1/2-1/2 Rublevsky,S-Ponomariov,R/Moscow RUS 2002/The
Week in Chess 409 (29)}) (6... e5 7. Be3 Qe7 8. Qd2 Nf6 9. Bh6 Bxh6 10. Qxh6
Nd7 11. Nc3 f6 12. Nd2 Nf8 13. f4 $14 {1-0 Rublevsky,S-Georgiev,K/Panormo 2001/
CBM 84 ext (48)}) 7. Nc3 e5 8. O-O (8. Be3 $5 Ne7 9. Qd2 {[%cal Ge1c1]} h6 10.
Nh2 Be6 11. O-O-O Qd7 12. Kb1 O-O-O 13. Qe2 f5 14. exf5 gxf5 15. f4 Rhe8 16.
Qd2 Qb7 17. fxe5 Bxe5 {1/2-1/2 Adams,M-Kramnik,V/Las Vegas 1999/CBM 72 (17)})
8... Ne7 9. a3 {[%csl Rg7][%cal Gb2b4] Since black bishop on g7 is temporary
closed the idea of playing b4 is typical.} a5 10. Be3 (10. Nh2 O-O 11. f4 exf4
12. Bxf4 f5 13. Kh1 {1/2-1/2 Golubovic,B-Jelen,I/Nova Gorica 1998/EXT 99 (13)})
(10. b3 $5 {Worth more attention. White keeps close style of structure.} O-O
11. Bb2 Qd6 12. a4 f6 13. Nd2 Be6 14. Ne2 Bh6 15. Nc4 $14 {[%cal Gb2c1] 1/2-1/
2 Glek,I-Kishnev,S/Recklinghausen 1999/EXT 2000 (60)}) 10... f5 $6 {[%mdl 8]
Black doesn't spend any time for 10...h6 and directly attacks the center.But
it appears to be not accurate.} (10... h6 11. Na4 (11. Qd2 $5 {[%csl Rh6]})
11... Rb8 12. Qd2 f5 13. exf5 Nxf5 14. b4 axb4 15. axb4 e4 16. Rae1 O-O 17.
dxe4 Nxe3 $11 {1/2-1/2 Peng Xiaomin-Ni Hua/Shanghai 2001/CBM 85 (28)}) 11. Na4
$2 {[%mdl 8192] This move allows black to organize.} (11. b4 $1 f4 12. Bd2 axb4
13. axb4 Rxa1 14. Qxa1 cxb4 15. Ne2 $16 {[%cal Gd2f4,Gd2b4,Gf3e5]}) 11... Rb8
12. Rb1 Qc7 $11 {The position is equal,but if white won't play actively black
will castle and get better game.} 13. b4 $1 (13. c3 O-O 14. b4 fxe4 $15 {
[%cal Gc8a6,Gf8d8]}) 13... axb4 14. axb4 cxb4 15. Rxb4 {[%csl Rb6]} c5 {
The last 4 moves were forced for both sides.} 16. Rb2 {[%cal Gd1b1]} f4 $1 {
Again the best move.} (16... O-O $6 {Dangerous for black....} 17. Bg5 (17. Qb1
$1 fxe4 18. dxe4 Bxh3 19. Rxb6 {[%cal Gb1b3,Gf3g5,Gg5h3,Gg5f7]} Rxb6 (19... c4
20. gxh3 Rxb6 21. Qxb6 (21. Bxb6 Qc6 {[%csl Ra4,Rf3]}) 21... Qxb6 22. Nxb6 Rxf3
23. Kg2 $16 {[%csl Rc4]}) 20. Qxb6 Qxb6 21. Nxb6 {[%csl Rc5]} Rxf3 22. gxf3
Bxf1 23. Kxf1 h5 24. Bxc5 Nc6 $14 {/+/-}) 17... Nc6 $15) 17. Bd2 b5 $1 {
Black shows some sharp defence!} (17... O-O $6 18. Nxb6 Rxb6 19. Ba5 Rff6 20.
Qa1 {[%cal Gf1b1]} Qb8 21. Bxb6 Rxb6 22. Qa2+ Kh8 (22... Be6 23. Qxe6+ $18) 23.
Ng5 $44 {[%cal Gf1b1,Gg5f7]}) 18. Qb1 Bd7 $6 {Misses good chance.} (18... Ra8
$1 19. Nc3 b4 20. Ne2 O-O $15) 19. Nc3 Qc6 (19... b4 $5 20. Ne2 O-O $140 $1 21.
Qa2+ Kh8 22. Ng5 Qd6 23. Nf7+ $4 Rxf7 24. Qxf7 Be6 $19 {[%csl Rf7]}) 20. Qa2
Be6 21. Qb1 Bd7 (21... b4 {Last attempt to keep playing.} 22. Ng5 $5 (22. Ne2
O-O 23. c3 $5 b3 24. c4 $14 {[%cal Ge2c3,Gc3d5]}) 22... O-O (22... Ra8 $1 23.
Nxe6 Qxe6 24. Ra2 O-O $15) 23. Nxe6 Qxe6 24. Qa2 Qxa2 25. Nxa2 $11 {[%cal
Ga2c1,Gc1b3]}) 22. Qa2 Be6 23. Qb1 Bd7 1/2-1/2

[Event "EU-Cup 18th"]
[Site "Kallithea"]
[Date "2002.09.28"]
[Round "7.5"]
[White "Nevednichy, Vladislav"]
[Black "Smirnov, Pavel"]
[Result "0-1"]
[WhiteElo "2537"]
[BlackElo "2539"]
[Annotator "Rabinovich,Al"]
[PlyCount "114"]
[EventDate "2002.09.22"]
[EventType "team-swiss"]
[EventRounds "7"]
[EventCountry "GRE"]
[SourceTitle "CBM 092"]
[Source "ChessBase"]
[SourceDate "2003.02.06"]
[SourceVersion "1"]
[SourceVersionDate "2003.02.06"]
[SourceQuality "1"]
[WhiteTeam "Novi Sad"]
[BlackTeam "St Petersburg"]
[WhiteTeamCountry "YUG"]
[BlackTeamCountry "RUS"]

{[%mdl 128]} 1. e4 c5 2. Nf3 Nc6 3. Bb5 g6 4. c3 (4. Bxc6 $5) 4... Nf6 5. e5
Nd5 6. d4 cxd4 7. O-O (7. Qb3 Nb6 (7... Nc7 8. Bc4 Ne6 9. cxd4 Na5 10. Qc3 Nxc4
11. Qxc4 Qc7 12. Qc3 d5 $11 {1/2-1/2 Georgiev,K-Spasov,V/Pamporovo 2001/CBM 84
ext (20)}) 8. cxd4 Bg7 9. d5 Na5 $13 {0-1 Sutovsky,E-Lautier,J/Moscow RUS 2002/
The Week in Chess 396 (33)}) 7... Bg7 8. cxd4 O-O 9. Nc3 Nc7 {White must
choose between few options.....} (9... Nxc3 $5 10. bxc3 d6 11. exd6 Qxd6 12.
Re1 (12. a4 Rd8 13. Bg5 Be6 14. Re1 Na5 15. Nd2 Qc7 16. Ne4 a6 17. Bd3 Bc4 18.
Bxc4 Nxc4 19. Rb1 $14 {1-0 Peng Xiaomin-Bu Xiangzhi/Suzhou 2001/EXT 2002 (31)})
12... a6 13. Bxc6 Qxc6 $11 {1/2-1/2 Nevednichy,V-Smetankin,S/Avoine FRA 2002/
The Week in Chess 406 (23)}) 10. Bxc6 $2 $146 (10. Ba4 d6 11. Qe2 Bg4 12. Rd1
Ne6 13. Be3 dxe5 14. dxe5 Qb8 $15 {[%csl Re5] 0-1 Janev,E-Spasov,V/Pamporovo
2001/CBM 84 ext (47)}) (10. Bf4 Nxb5 11. Nxb5 a6 12. Nc3 d6 13. exd6 exd6 14.
h3 Re8 15. Bg5 Qa5 {1/2-1/2 Bronstein,D-Dvoretzky,M/Yerevan 1975/URS-ch (30)})
(10. a4 d6 11. Bxc6 bxc6 12. Re1 Rb8 13. h3 Be6 14. Qe2 h6 15. Bf4 Re8 16. Qd2
Kh7 17. Rac1 $16 {1-0 Kovalev,A-Veremeichik,V/Minsk 2001/CBM 81 ext (45)})
10... dxc6 11. h3 Be6 $15 {Black got a better position.} 12. Qe2 Bd5 {[%cal
Gd5f3,Gd8d4,Gc7e6,Ge6d4]} 13. Nh2 $6 (13. Rd1 $5) 13... Ne6 14. Be3 (14. Rd1 $5
) 14... f5 $1 {[%cal Gf5f4,Gf4f3]} 15. f4 g5 $1 {[%mdl 128]} 16. fxg5 (16. g3
gxf4 17. gxf4 Kh8 $17 {[%cal Gd8e8,Gg7h6,Gf8g8]}) 16... f4 {Black succeded to
punish white for his opening experiment.} 17. Bd2 (17. Bf2 Bxg2 $1 18. Kxg2 f3+
$17 {[%cal Ge6f4]}) 17... Nxd4 $17 18. Qf2 (18. Qd3 Qb6 19. Na4 Ne2+ 20. Kh1
Qb5 $3 21. Qxb5 cxb5 $19 {[%cal Gb5a4,Ge2g3]}) 18... Bxe5 19. Rae1 Bg7 20. Nxd5
Qxd5 {[%cal Ge7e5]} 21. Rxe7 $6 {White is positionly and materialy lost,so he
tries to sacrafise an exchange in order to complicate the position and to get
some counterplay.} Nf5 {[%cal Gf5e7,Gg7d4]} 22. Rxg7+ Nxg7 23. Ng4 Qxg5 $19 24.
Bxf4 Qg6 25. Qd4 h5 $1 {Black plays very accurately.First he removes white
strong pieces from good squares.} 26. Ne5 Qe6 {[%cal Gf8f5,Ga8f8]} 27. Nd7 Rf7
(27... Rf5 $5 28. g4 hxg4 29. hxg4 Rf7 30. Ne5 Rff8 $19 {[%csl Rg4]}) 28. Ne5
Rf5 29. g4 hxg4 30. Nxg4 Kh7 {[%cal Gg7h5]} 31. Be5 Rxf1+ 32. Kxf1 Rf8+ 33. Kg1
(33. Nf6+ Kg6 34. Qe4+ Qf5+ 35. Qxf5+ Nxf5 $19) 33... Qg6 {[%cal Gg6b1,Gg6g1]}
34. Qd2 (34. Qxa7 $6 Qb1+ 35. Kh2 Qc2+ 36. Kg3 Nf5+ 37. Kf4 Qd2+ 38. Kf3 (38.
Ke4 Nd6+ 39. Bxd6 Qd5+ 40. Ke3 Rf3+ 41. Ke2 Qd3+ 42. Ke1 Rf1#) 38... Nh4+ 39.
Kg3 Rf3+ 40. Kxh4 Kg6 $3 $19 {[%cal Gd2g5]}) 34... Ne6 {[%cal Ge6g5,Gg5f3,
Gg5h3] Now black is winning easily.} 35. Qe3 Ng5 36. Bc3 Nf3+ 37. Kf2 $8 (37.
Kg2 Nh4+ 38. Kg1 Qb1+ 39. Kh2 Qc2+ 40. Kg3 Nf5+ $19) 37... Ne5+ 38. Kg3 (38.
Ke2 Nxg4 39. hxg4 Re8 40. Be5 Qxg4+ 41. Kd2 Qf5 $19 {[%csl Re5][%cal Ge8e3]})
38... Rf3+ 39. Qxf3 Nxf3 40. Kxf3 Qd3+ $19 {[%csl Rh3]} 41. Ne3 (41. Kg2 Qd5+
42. Kh2 Qxa2 $19 {[%csl Ga7,Rb2,Gb7,Gc6]}) 41... c5 {It was good time to
resign for white,but he still looks for...........?!} 42. a3 b5 {The rest is
simple and requiers no explanation.} 43. h4 Kg6 44. Kf2 Kh5 45. Ng2 Kg4 {
[%cal Gd3f3,Gg4h3]} 46. Ne3+ Kxh4 47. Kf3 Kg5 48. Be1 Kf6 {After the king will
help the pawns to advance,white will have no answer..} 49. Bc3+ Ke6 50. Kf2 Kd6
51. Kf3 Kc6 52. Kf2 Kb6 53. Kf3 a5 54. Kf4 b4 55. axb4 cxb4 56. Bf6 a4 57. Be7
Kb5 0-1